<?xml version="1.0" encoding="UTF-8"?>
<collection xmlns="http://www.loc.gov/MARC21/slim">
  <record>
    <leader>00000nam  2200000   4500</leader>
    <controlfield tag="001">INLIS000000000020387</controlfield>
    <controlfield tag="005">20250617110434</controlfield>
    <datafield tag="035" ind1="#" ind2="#">
      <subfield code="a">0010-0625000129</subfield>
    </datafield>
    <controlfield tag="007">ta</controlfield>
    <controlfield tag="008">250617################|##########|#|##</controlfield>
    <datafield tag="084" ind1="#" ind2="#">
      <subfield code="a">R 106 PKN II 2023</subfield>
    </datafield>
    <datafield tag="100" ind1=" " ind2="#">
      <subfield code="a">Muchamad Yusuf</subfield>
    </datafield>
    <datafield tag="245" ind1="1" ind2="#">
      <subfield code="a">Strategi Peningkatan Layanan Prima Pencocokan Pekerjaan Pasar Kerja Indonesia Berbasis Teknologi 5.0 /</subfield>
      <subfield code="c">Muchamad Yusuf</subfield>
    </datafield>
    <datafield tag="250" ind1="#" ind2="#">
      <subfield code="a">1</subfield>
    </datafield>
    <datafield tag="260" ind1="#" ind2="#">
      <subfield code="a">Jakarta :</subfield>
      <subfield code="b">Pusbangkom Pimnas,</subfield>
      <subfield code="c">2023</subfield>
    </datafield>
    <datafield tag="300" ind1="#" ind2="#">
      <subfield code="a">183 :</subfield>
      <subfield code="b">ilus ;</subfield>
      <subfield code="c">29 x 21 x 1,5</subfield>
    </datafield>
    <datafield tag="650" ind1="#" ind2="4">
      <subfield code="a">Layanan</subfield>
    </datafield>
    <datafield tag="520" ind1="#" ind2="#">
      <subfield code="a">Proyek perubahan ini di branding dengan nama JOBI Sytech 5.0. Berfokus pada&#13;
mendorong upaya perbaikan teknologi di KarirHub sesuai dengan perkembangan teknologi&#13;
5.0, Kebaharuan yang ingin diwujudkan adalah memanfaatkan analisa big data dan artificial&#13;
intelligence (kecerdasan buatan) untuk meningkatkan kecocokan pekerjaan dari pencari kerja&#13;
dan pengguna kerja. Hal ini penting untuk meningkatkan kepercayaan pengguna kepada&#13;
Karirhub, sebagai platform job portal pemerintah. Saat ini karirhub belum cukup popular&#13;
digunakan oleh pencari kerja maupun pemberi kerja, karena belum bisa memberikan&#13;
rekomendasi yang tepat. Pusat Pasar kerja harus berusaha keras agar aplikasi Karirhub&#13;
dipercaya dan digunakan secara masif oleh masyarakat.&#13;
Implementasi proyek jangka pendek dilaksanakan selama 2,5 bulan, yang dimulai 9&#13;
Juni sampai dengan 20 Agustus 2023. Dalam waktu yang sangat terbatas ini telah dilakukan&#13;
rapat-rapat persiapan maupun rapat teknis dan forum diskusi. Strategi marketing sektor publik&#13;
dilaksanakan melalui berbagai kegiatan diantaranya pameran kesempatan kerja (job fair)&#13;
diberbagai daerah, dan kuliah umum di Perguruan Tinggi. Selain itu telah pula dilakukan 2&#13;
(dua) kali pelaksanaan rekrutmen untuk mendapatkan kandidat sesuai kebutuhan 2 (dua)&#13;
perusahaan yang membuka lowongan pekerjaan. Kegiatan pengembangan kompetensi telah&#13;
dilaksanakan di dalam negeri maupun di luar negeri. Peningkatan jumlah konten dan pengguna&#13;
media sosial terus dilakukan dengan mempublikasikan berbagai kegiatan layanan pasar kerja.&#13;
Untuk mendukung keberlanjutan proyek, telah didapat kemajuan pembahasan melalui loan&#13;
dari World Bank selama 4 (empat) tahun mulai dari tahun 2024-2027. Output yang dihasilkan&#13;
akan menjadi landasan bagi lompatan terdiri dari:&#13;
1. Penyusunan rancangan Nota Kesepakatan Kerjasama antara Pusat Pasar kerja&#13;
(PaskerID) dengan KADIN dan Dinas Pendidikan Provinsi DKI Jakarta;&#13;
2. Penyusunan rancangan Peraturan Menteri tentang Sistem Informasi Pasar Kerja;&#13;
3. Penyusunan disain arsitektur layanan Job Matching KarirHub;&#13;
4. Pengembangan kompetensi SDM pasar kerja.</subfield>
    </datafield>
    <datafield tag="856" ind1="#" ind2="#">
      <subfield code="a">Perpustakaan Pusat LAN</subfield>
    </datafield>
    <datafield tag="990" ind1="#" ind2="#">
      <subfield code="a">2407106</subfield>
    </datafield>
  </record>
</collection>
